000 00440nam a2200133Ia 4500
008 170516s9999 xx 000 0 und d
245 _aCharacterization of DTI Indices in the Cervical, Thoracic, and Lumbar Spinal Cord in Healthy Humans
260 _bRadiology Research and Practice
260 _c2012
300 _a:
650 _xRadiologic Technology
650 _xRadtech
856 _uhttps://www.hindawi.com/journals/rrp/contents/4/
999 _c332229
_d332229